| 000 | 01703nam a2200445 i 4500 | ||
|---|---|---|---|
| 001 | 10749 | ||
| 003 | KOSZ 005 | ||
| 005 | 20210317094120.0 | ||
| 008 | 080401s1963 pl a f 001 0 pol | ||
| 015 | _aPB 1963/7173 | ||
| 040 |
_aWAN _cWAN _dKOSZ 005/RW _dKOSZ 005/HR |
||
| 041 | 1 |
_apol _hger _hcze |
|
| 080 | _a621.9 | ||
| 080 | _a534 | ||
| 245 | 0 | 0 |
_aDrgania samowzbudne obrabiarek / _cO. Danĕk [et al.] ; tł. Jerzy Lemanowicz, Roman Madejski, Andrzej Sztarejko. |
| 246 | 1 |
_iTytuł oryginału czeskiego: _aSamobuzené kmity v obráběcích strojích. |
|
| 260 |
_aWarszawa : _bWydawnictwa Naukowo-Techniczne, _c1963. |
||
| 300 |
_a405, [1] stron : _bilustracje ; _c25 cm. |
||
| 336 |
_aTekst _btxt _2rdacontent |
||
| 337 |
_aBez urządzenia pośredniczącego _bn _2rdamedia |
||
| 338 |
_aWolumin _bnc _2rdacarrier |
||
| 380 | _aKsiążki | ||
| 380 | _aPublikacje fachowe | ||
| 388 | _a1901-2000 | ||
| 388 | _a1945-1989 | ||
| 504 | _aBibliografia na stronach 403-[404]. Indeks. | ||
| 521 | 8 | _aDla inżynierów mechaników-konstruktorów obrabiarek i technologów obróbki skrawaniem. | |
| 546 | _aOryg. czes., tł. z niem. | ||
| 650 | 7 | _aDrgania samowzbudne | |
| 650 | 4 | _aObrabiarka | |
| 650 | 4 | _aMechanika | |
| 658 | _aInżynieria i technika | ||
| 700 | 1 |
_aDanĕk, Otakar _eAutor |
|
| 700 | 1 |
_aLemanowicz, Jerzy _d(1929-2013). _eTłumaczenie |
|
| 700 | 1 |
_aMadejski, Roman _eTłumaczenie |
|
| 700 | 1 |
_aSztarejko, Andrzej _eTłumaczenie |
|
| 710 | 2 |
_aWydawnictwa Naukowo-Techniczne _4pbl. |
|
| 856 |
_uhttp://koha.tu.koszalin.pl/cgi-bin/koha/opac-detail.pl?biblionumber=10749 _yKatalog online BPK |
||
| 942 |
_2UKD _cKS |
||
| 999 |
_c10749 _d10749 |
||